Bandeiras dos países membros da ONU (2024) - Statistics

Estatísticas Gerais
  • Esse quiz foi jogado 126 vezes
  • A pontuação média é 118 de 193
Estatísticas das Respostas
Imagem Resposta % Correto
Brasil
100%
Estados Unidos
99%
China
96%
Coreia do Sul
96%
Itália
96%
Japão
96%
Reino Unido
96%
Alemanha
95%
Argentina
95%
Austrália
95%
Canadá
95%
Colômbia
95%
Espanha
95%
França
95%
México
95%
Cuba
94%
Jamaica
94%
Uruguai
94%
Venezuela
94%
Chile
93%
Equador
93%
Guatemala
86%
Paraguai
86%
Peru
86%
Bolívia
80%
Nicarágua
79%
República Dominicana
75%
Suriname
75%
Barbados
74%
Grécia
74%
Panamá
74%
Suíça
74%
Turquia
74%
Bélgica
73%
Catar
73%
Croácia
73%
Israel
73%
Noruega
73%
Portugal
73%
Ucrânia
73%
Coreia do Norte
72%
Dinamarca
72%
Holanda
72%
Honduras
72%
Índia
72%
Polônia
72%
África do Sul
70%
Finlândia
70%
Guiana
70%
Irlanda
70%
Albânia
69%
Arábia Saudita
69%
Áustria
69%
Chipre
69%
El Salvador
69%
Eslováquia
69%
Islândia
69%
Nepal
69%
Rússia
69%
Suécia
69%
Angola
68%
Costa Rica
68%
Geórgia
68%
Estônia
67%
Irã
67%
Marrocos
67%
República Tcheca
67%
Romênia
67%
Sérvia
67%
Bósnia e Herzegovina
65%
Egito
65%
Eslovênia
65%
Filipinas
65%
Iraque
65%
Luxemburgo
65%
Malta
65%
Bangladesh
64%
Camarões
64%
Haiti
64%
Letônia
64%
Líbano
64%
Macedônia do Norte
64%
Malásia
64%
Nigéria
64%
Argélia
63%
Bahamas
63%
Indonésia
63%
Mônaco
63%
San Marino
63%
Tunísia
63%
Vietnã
63%
Belarus
62%
Bulgária
62%
Butão
62%
Emirados Árabes Unidos
62%
Hungria
62%
Andorra
60%
Nova Zelândia
60%
Paquistão
60%
Santa Lúcia
60%
Singapura
60%
Lituânia
59%
Síria
59%
Sri Lanka
59%
Tailândia
59%
Montenegro
58%
Camboja
57%
Cazaquistão
57%
Gana
57%
Laos
57%
Quênia
57%
Senegal
57%
Armênia
56%
Azerbaijão
56%
Costa do Marfim
56%
Somália
56%
Belize
54%
Fiji
54%
Antígua e Barbuda
53%
Liechtenstein
53%
Moldávia
53%
São Vicente e Granadinas
53%
Uganda
53%
Afeganistão
52%
Bahrein
52%
Brunei
52%
Etiópia
52%
Papua-Nova Guiné
52%
Cabo Verde
51%
Estados Federados da Micronésia
51%
Granada
51%
Moçambique
51%
Mongólia
51%
Níger
51%
Palau
51%
República Democrática do Congo
51%
Turcomenistão
51%
Botsuana
49%
Chade
49%
Gabão
49%
Jordânia
49%
Libéria
49%
Uzbequistão
49%
Zâmbia
49%
Dominica
48%
Omã
48%
Quirguistão
48%
Timor-Leste
48%
Tonga
48%
Mianmar
47%
Trinidade e Tobago
47%
Burkina Faso
46%
Iémen
46%
Lesoto
46%
Líbia
46%
Madagascar
46%
Essuatini
44%
Guiné
44%
Kiribati
44%
Kuwait
44%
República Centro-Africana
44%
Ilhas Marshall
43%
Maldivas
43%
Mauritânia
43%
Tajiquistão
43%
Togo
43%
Zimbábue
43%
Ilhas Salomão
42%
Malawi
42%
Sudão do Sul
42%
Burundi
41%
Samoa
41%
São Tomé e Príncipe
41%
Eritreia
40%
Gâmbia
40%
Mali
40%
República do Congo
40%
Serra Leoa
40%
Tanzânia
40%
Comores
38%
Nauru
38%
Ruanda
38%
Sudão
38%
Vanuatu
38%
Djibouti
37%
Guiné Equatorial
37%
Seicheles
37%
Tuvalu
37%
Guiné-Bissau
35%
Namíbia
35%
Benin
30%
Ilhas Maurício
28%
São Cristóvão e Neves
27%
Nenhum quiz correspondente encontrado
Distribuição das Pontuações
Porcentagem de Pessoas com Cada Pontuação
Percentil de Números Respondidos
Sua Pontuação Histórica
Você não jogou esse quiz